|
|
|
|
| LEADER |
00000nam2a2200000 4500 |
| 001 |
95845 |
| 005 |
20231101214031.0 |
| 035 |
|
|
|a (RuTPU)RU\TPU\book\102609
|
| 090 |
|
|
|a 95845
|
| 100 |
|
|
|a 20060504d1987 k y0rusy5003 ca
|
| 101 |
0 |
|
|a rus
|
| 102 |
|
|
|a UA
|
| 105 |
|
|
|a a z 001zy
|
| 200 |
0 |
|
|a № 7
|f отв. ред.: Е. Г. Голоскоков
|
| 210 |
|
|
|d 1987
|
| 215 |
|
|
|d 22 см
|a 86 с.
|c ил.
|
| 225 |
1 |
|
|a Вестник Харьковского политехнического ин-та
|v № 240
|
| 320 |
|
|
|a Библиография в конце статей
|
| 461 |
|
1 |
|0 (RuTPU)RU\TPU\book\269480
|t Техническая кибернетика и ее приложения
|f Харьковский политехнический институт (ХПИ)
|v Вып. 7
|d 1979-1992
|s Вестник Харьковского политехнического института
|
| 606 |
1 |
|
|a Кибернетика техническая
|2 stltpush
|3 (RuTPU)RU\TPU\subj\39479
|9 59558
|
| 610 |
1 |
|
|a кибернетические системы
|
| 610 |
1 |
|
|a робототехнические системы
|
| 610 |
1 |
|
|a математические методы
|
| 610 |
1 |
|
|a технические системы
|
| 610 |
1 |
|
|a анализ
|
| 675 |
|
|
|a 681.51
|z rus
|v 3
|
| 702 |
|
1 |
|a Голоскоков
|b Е. Г.
|g Евгений Григорьевич
|4 340
|
| 801 |
|
0 |
|a RU
|b RuMRKP
|c 19950704
|g psbo
|
| 801 |
|
1 |
|a RU
|b 63413507
|c 20060504
|g PSBO
|
| 801 |
|
2 |
|a RU
|b 63413507
|c 20160912
|g PSBO
|
| 942 |
|
|
|c BK
|